000 01781cam a22003614a 4500
001 muse82077
003 MdBmJHUP
005 20210127151433.0
006 m o d
007 cr||||||||nn|n
008 100429t19681953nyu o 00 0 eng d
020 _a9781421436555
020 _z9781421436548
035 _a(OCoLC)1128013780
040 _aMdBmJHUP
_cMdBmJHUP
245 1 0 _aStudies in Intellectual History
264 1 _bGreenwood Press,
264 3 _bProject MUSE,
300 _a1 online resource (1 online resource viii, 225 pages)
505 0 _aSome problems of intellectual history, by G. Boas.--The history of ideas and ancient Greek philosophy, by H. Cherniss.--The golden chain of Homer, by L. Edelstein.--Language, the basis of science, philosophy, and poetry, by L. Spitzer.--Progress and perfectibility in Samuel Miller's intellectual history, by G. Chinard.--An historical analysis of the concept of infection, by O. Temkin.--The long neglect of a scientific discovery: Mendel's laws of inheritance, by B. Glass.--Lovejoy's rĂ´le in American philosophy, by P.P. Wiener.--The History of Ideas Club, by D. Stimson.
506 0 _aOpen Access
_fUnrestricted online access
_2star
588 _aDescription based on print version record.
650 0 _aLearning and scholarship.
_2fast
_0(OCoLC)fst00994857
650 0 _aLearning and scholarship.
655 7 _aElectronic books.
_2local
710 2 _aProject Muse.
_edistributor
830 0 _aBook collections on Project MUSE.
856 4 0 _zFull text available:
_uhttps://muse.jhu.edu/book/71671/
999 _c25768
_d25768